Quản trị sản xuất
Giới thiệu hệ thống lí luận và kiến thức trong việc hoạch định dài hạn, ngắn hạn, điều độ tác nghiệp, tổ chức và kiểm soát sản xuất và nhiều lĩnh vực khác nhau để đưa ra quyết định quản trị trong chức năng sản xuất đúng đắn, hợp li...
Gardado en:
| Autor Principal: | |
|---|---|
| Formato: | Libro |
| Idioma: | Undetermined |
| Publicado: |
Hà Nội
Tài chính
2014
|
| Những chủ đề: | |
| Các nhãn: |
Engadir etiqueta
Sen Etiquetas, Sexa o primeiro en etiquetar este rexistro!
|
| Thư viện lưu trữ: | Trung tâm Học liệu Trường Đại học Cần Thơ |
|---|
| LEADER | 01152nam a2200241Ia 4500 | ||
|---|---|---|---|
| 001 | CTU_63144 | ||
| 008 | 210402s9999 xx 000 0 und d | ||
| 020 | |b 28200 | ||
| 020 | |c 97000 | ||
| 082 | |a 658.5 | ||
| 082 | |b L304 | ||
| 100 | |a Nguyễn, Thanh Liêm | ||
| 245 | 0 | |a Quản trị sản xuất | |
| 245 | 0 | |c Nguyễn Thanh Liêm (Chủ biên), Nguyễn Quốc Tuấn, Nguyễn Hữu Hiễn | |
| 260 | |a Hà Nội | ||
| 260 | |b Tài chính | ||
| 260 | |c 2014 | ||
| 520 | |a Giới thiệu hệ thống lí luận và kiến thức trong việc hoạch định dài hạn, ngắn hạn, điều độ tác nghiệp, tổ chức và kiểm soát sản xuất và nhiều lĩnh vực khác nhau để đưa ra quyết định quản trị trong chức năng sản xuất đúng đắn, hợp lí | ||
| 526 | |a Quản lý kinh doanh nông nghiệp,Kinh doanh nông nghiệp | ||
| 526 | |b PD617,PDH606 | ||
| 650 | |a Production management,Quản trị sản xuất | ||
| 904 | |i Nguyên | ||
| 980 | |a Trung tâm Học liệu Trường Đại học Cần Thơ | ||